| 000 | 00500nam a2200181Ia 4500 | ||
|---|---|---|---|
| 008 | 240925s9999 xx 000 0 und d | ||
| 020 | _a831130873 | ||
| 082 | _a620.00212 SIM | ||
| 100 | _aFrank , Sims | ||
| 245 | 0 | _aInteractive Engineering formulas Conversons, definations,and tables | |
| 250 | _aNA | ||
| 260 |
_aNew York: _bIndustrial Press _c,1999. |
||
| 300 |
_ax,554p. _bNA _fOriginal |
||
| 500 | _aIncludes Index | ||
| 600 | _aElectronic Engineering | ||
| 650 | _aTechnology | ||
| 942 | _cBK | ||
| 999 |
_c8239 _d8239 |
||